000 00339nam a2200133 i 4500
001 bg
100 1 _aPELEEV, A.I.
245 0 _aTechnologiceskoe oborudovanie predprijatij mjasnoj promyslennosti /
_cA.I.Peleev.
260 _aMoskva,
_c1971.
040 _cBPK
041 _apol
942 _cKS
008 s pl f |000 0 pol
999 _c28555
_d28555
856 _uhttp://koha.tu.koszalin.pl/cgi-bin/koha/opac-detail.pl?biblionumber=28555
_yKatalog online BPK